000 00503ntaaa2200193 4500
003 01
005 20251027202906.0
008 0714s1973 ag 01
040 _aAR-BaBN
_bspa
_cAR-BaBN
_eaacr
_dRIC
082 _a922.8000 D13
100 _aDaglio, Felipe
_929357
245 _aApóstol irlandés en la Argentina
250 _a1 ed.
260 _aBuenos Aires,
_c1956
300 _a27 p
650 _aRodgers, Tomás-Jorge-biografía
_929358
650 _abiografía-Rodgers, T.J.
_929359
942 _cBK
999 _c24213
_d24213